Manual del curso sobre promoción comunal para la dotación de acueducto rurales en Nicaragua
Aborda la problemática la promoción comunal, y que las bases primordiales de un buen desarrollo de la comunidad, es la utilización del capital humano, mediante un proceso educativo para lograr un cambio socio-psicológico-económico-social en la comunidad.
| Main Author: | |
|---|---|
| Other Authors: | |
| Format: | Tesis Section = Libro |
| Language: | Undetermined Spanish |
| Published: |
Managua
Universidad Nacional Autónoma de Nicaragua (UNAN)
1968
|
| Subjects: |
| LEADER | 01011nam a2200217Ia 4500 | ||
|---|---|---|---|
| 008 | 240830s9999 xx 000 0 und d | ||
| 040 | |a BIBLIOTECA-RUSB/ Mon 628.7 N582 | ||
| 041 | |a spa | ||
| 082 | |a Mon 628.7 N582 | ||
| 100 | 1 | |a Universidad Nacional Autónoma de Nicaragua | |
| 245 | 1 | 0 | |a Manual del curso sobre promoción comunal para la dotación de acueducto rurales en Nicaragua |
| 260 | |a Managua |b Universidad Nacional Autónoma de Nicaragua (UNAN) |c 1968 | ||
| 300 | |a p. irreg. :il. | ||
| 502 | |a Tesis (Otros) - Universidad Nacional Autónoma de Nicaragua (UNAN), 1968. | ||
| 520 | 3 | |a Aborda la problemática la promoción comunal, y que las bases primordiales de un buen desarrollo de la comunidad, es la utilización del capital humano, mediante un proceso educativo para lograr un cambio socio-psicológico-económico-social en la comunidad. | |
| 650 | 7 | |a INGENIERIA SANITARIA RURAL | |
| 650 | 7 | |b ABASTECIMIENTO DE AGUA | |
| 700 | 1 | |a Tutor: | |
| 942 | |c BK |2 ddc | ||
| 991 | |a TESIS | ||
| 999 | |c 20512 | ||